000 00712cab a2200217 4500
001 ABS48035
008 090401t1993 xxu||||| |||| 00| 0 eng d
035 _a(Sirsi) u64553
041 _aeng
100 _aSaville, R.
245 _aCombining operations
260 _c1993
350 _a0
490 _aChartered Quantity Surveyor
_v15(6) February 1993, 10(1)
520 _aIntroduces the Bureau of European Consultants and Experts to quantity surveyors, to whom membership is now available. The role, aims and operations of the Bureau are explained.
650 _aBEBCE
650 _aBUREAU OF EUROPEAN CONSULTANTS AND EXPERTS
690 _aEUROPE-SINGLE MARKET
942 _n0
948 _c04/03/1997
999 _c40215
_d40215